Responses for Show #653 - Wednesday, June 10, 1987

Jonathan Fellows game 3.

Contestants

[<< previous game]

Jeff Jena, a comedy writer originally from Cincinnati, Ohio

Grace Harris, an attorney from Pittsburgh, Pennsylvania

Jonathan Fellows, a legislative assistant originally from Bellevue, Washington (whose 2-day cash winnings total $23,401)

[next game >>]

Jeopardy! Round responses

HOLLYWOOD
EUROPEAN CITIES
DANCE
SCIENCE
BATMAN
"SHORT"
    $100 20
Steven Spielberg

Jonathan
    $100 1
Madrid

Jonathan
    $100 24
castanets

Jeff
    $100 4
(Alex: Not fast enough, Jonathan.)

biology

Triple Stumper
    $100 3
(Alex: They tolerate each other.)

Superman

Jonathan
    $100 8
shortstop

Jonathan
    $200 21
Star Trek

Jonathan
    $200 2
Munich

Jeff
    $50 26
(Alex: That song was sung by Johnny Gilbert on a show called Music Bingo many, many years ago.)
[Laughter and applause]
(Alex: Jonathan, less than a minute to go.)
[The song was not reprised going into the break.]

the cha-cha

Jonathan
    $200 5
static

Grace
    $200 7
(Alex: [Seeing Jonathan ring in too late] Sorry, Jonathan.)

Detective Comics

Triple Stumper
    $200 9
a short stack

Jeff
    $300 22
Rudy Vallée

Jeff
    $300 6
Edinburgh

Jeff
    $300 27
(Grace: Who is Xavier Cugat?)

Desi Arnaz

GraceJeff
    $300 15
craters

Jonathan
    $300 11
(Jonathan: Who is Batgirl?)

Catwoman

Jonathan
Triple Stumper
    $300 10
(Jonathan: What is a short temper? Or a...)
(Alex: No.)
(Jonathan: [*]?)
...
(Alex: Jonathan, you have to be careful about blurting out responses; sometimes they will be correct.)

a short fuse

JonathanJeff
    $400 23
CBS

Jonathan
    $400 18
Bologna

Jonathan
    $400 16
(Jeff: What is iodine?)
...
(Alex: You wouldn't want to be putting iodine on your hair.)

hydrogen peroxide

Jeff
Triple Stumper
    $400 12
Gotham City

Jonathan
    $400 13
short-sheeting

Jonathan
    $500 25
Christmas lights

Jonathan
    $500 19
(Jonathan: What is Moscow?)
[Grace said both names.]

St. Petersburg (Leningrad)

JonathanGrace
    $500 17
Newton

Grace
    $500 28
[The end-of-round signal sounds.]

Marco Polo

Jonathan
    $500 14
short irons

Jonathan

Scores at the first commercial break (after clue 13):

Jonathan Grace Jeff
$500 $200 $1,000

Scores at the end of the Jeopardy! Round:

Jonathan Grace Jeff
$2,950 $900 $1,300

Double Jeopardy! Round responses

MUSIC
POTENT POTABLES
ROYAL NICKNAMES
CUSTER'S LAST STAND
LAST LINES
"TALL"
    $200 13
the violin

Grace
    $200 12
champagne

Jeff
    $200 1
Richard

Grace
    $200 3
1876

Grace
    $200 18
The Caine Mutiny

Grace
    $200 11
"Too Tall" Jones

Grace
    $400 24
jazz

Grace
    $400 14
angostura bitters

Grace
    $400 2
Ivan (of Russia)

Jonathan
    $400 7
the Little Big Horn

Jonathan
    $400 19
Who's afraid of Virginia Woolf?

Grace
    $400 23
Walking Tall

Jeff
    $600 15
a brandy (eaux-de-vie)

Triple Stumper
    $600 4
Prince Henry (of Portugal)

Grace
    $600 8
(Jonathan: What are the Dakota?)
(Grace: What were the Black Hawk?)
...
(Alex: The Dakota are part of the Sioux nation...)

the Cheyenne

JonathanGrace
Triple Stumper
    $1,000 20
(Alex: Grace, do you have a response for me?)
(Grace: A grace. The grace. I don't know, what is a grace?)

the Bible

Grace
    $600 25
a tall order

Jonathan
    $800 16
(Jonathan: What is Heineken?)
(Grace: What is Tuborg?)

Carlsberg

JonathanGrace
Triple Stumper
    $800 5
Edward (of England)

Jonathan
    $800 9
a horse named Comanche

Jonathan
    $800 21
(Jonathan: What is the last line of The Old Man and the Sea?)
...
(Alex: [*], by Lloyd C. Douglas.)

The Robe

JonathanJeff
    $800 26
(Jeff: What is tall and tan and dark and lovely?)
(Grace: Tall and tan and dark and... slender.)

Tall and tan and young and lovely

GraceJeff
Triple Stumper
    $1000 17
Curaçao

Grace
    $1000 6
Pepin (III of France)

Jonathan
    $1000 10
(Jonathan: Who was General George Crook?)
(Grace: Who was General Kearny?)

General Alfred H. Terry

JonathanGrace
Triple Stumper
    $1000 22
(Alex: We've got a minute to go, Jeff.)

The Glass Menagerie

Triple Stumper
    $1000 27
[The end-of-round signal sounds.]

the tall ships

Jonathan

Scores at the end of the Double Jeopardy! Round:

Jonathan Grace Jeff
$4,750 $500 $1,900
(lock game)

[wagering suggestions for these scores]

Final Jeopardy! Round responses

TRAINS
GraceWhat is Belgrade?
$500
JeffWhat is Geneva, Switz?
$900
JonathanWhat is Vienna
$850
(1 of) Vienna, Budapest or Bucharest

Final scores:

Jonathan Grace Jeff
$5,600 $0 $1,000
3-day champion: $29,001 3rd place: Bushnell telescope 2nd place: Broyhill converter sofa + Zenith 9" color TV

Game dynamics:

Coryat scores:

Jonathan Grace Jeff
$4,900 $1,500 $1,900
21 R
(including 1 DD),
7 W
13 R,
6 W
(including 1 DD)
10 R,
2 W

Combined Coryat: $8,300

[game clues] [game scores] [suggest correction]

Game tape date: 1987-01-20
The J! Archive is created by fans, for fans. Scraping, republication, monetization, and malicious use prohibited; this site may use cookies and collect identifying information. See terms. The Jeopardy! game show and all elements thereof, including but not limited to copyright and trademark thereto, are the property of Jeopardy Productions, Inc. and are protected under law. This website is not affiliated with, sponsored by, or operated by Jeopardy Productions, Inc. Join the discussion at JBoard.tv.